[Event "Thanksgiving op"]
[Site "Winnipeg CAN"]
[Date "2002.10.12"]
[Round "3.1"]
[White "Katona, John"]
[Black "Lipnowski, Samuel"]
[Result "0-1"]
[WhiteElo "1827"]
[BlackElo "2069"]
[PlyCount "42"]
[EventDate "2002.10.11"]
[EventType "swiss"]
[EventRounds "5"]
[EventCountry "CAN"]

1. e4 e5 2. Nf3 Nc6 3. d4 exd4 4. Bc4 Bb4+ 5. c3 dxc3 6. O-O Na5 7. Bxf7+ Kxf7
8. a3 c2 9. Qd5+ Ke8 10. axb4 cxb1=Q 11. Rxb1 Nc6 12. Bg5 Nge7 13. Qb3 d6 14.
Qc3 Kf7 15. Rbd1 a6 16. e5 d5 17. Rfe1 Be6 18. Re4 dxe4 19. Rxd8 Rhxd8 20. Nd2
Rd3 21. Qc5 Rad8 0-1

[Event "Thanksgiving op"]
[Site "Winnipeg CAN"]
[Date "2002.10.12"]
[Round "3.3"]
[White "Vincent, Trevor"]
[Black "Barkman, Daniel"]
[Result "1-0"]
[WhiteElo "1893"]
[BlackElo "1654"]
[PlyCount "49"]
[EventDate "2002.10.11"]
[EventType "swiss"]
[EventRounds "5"]
[EventCountry "CAN"]

1. c4 Nf6 2. Nc3 e5 3. g3 Be7 4. Bg2 O-O 5. Nf3 Nc6 6. O-O d5 7. cxd5 Nxd5 8.
d4 exd4 9. Nxd4 Nxc3 10. bxc3 Nxd4 11. cxd4 Bf6 12. e3 c5 13. Ba3 Be7 14. Bxc5
Bxc5 15. dxc5 Qe7 16. Qc2 Be6 17. Rab1 Rab8 18. Rfc1 Rfc8 19. a4 Rc7 20. c6 Bd7
21. Rxb7 Rcxb7 22. cxb7 Qe8 23. Bc6 g6 24. Bxd7 Qxd7 25. Qc8+ 1-0

[Event "Thanksgiving op"]
[Site "Winnipeg CAN"]
[Date "2002.10.12"]
[Round "3.8"]
[White "Pottinger, Carl"]
[Black "Anderson, George"]
[Result "1-0"]
[WhiteElo "1591"]
[BlackElo "1496"]
[PlyCount "65"]
[EventDate "2002.10.11"]
[EventType "swiss"]
[EventRounds "5"]
[EventCountry "CAN"]

1. e4 e6 2. d4 d5 3. e5 Bd7 4. Nf3 c5 5. c3 Qb6 6. Be2 Bb5 7. O-O Nd7 8. Bxb5
Qxb5 9. a4 Qc6 10. Ng5 Nh6 11. f4 cxd4 12. cxd4 Rc8 13. Nc3 a6 14. Qe2 Nf5 15.
Nf3 Qc4 16. Qd1 Bb4 17. Ne2 O-O 18. Bd2 Rc7 19. Rc1 Bxd2 20. Rxc4 Be3+ 21. Kh1
Rxc4 22. Qd3 Rfc8 23. g4 Nxd4 24. Nfxd4 Bxd4 25. Nxd4 Nc5 26. Qe3 Nxa4 27. Rf2
Nc5 28. f5 Ne4 29. Rf1 a5 30. fxe6 fxe6 31. Nxe6 Rc2 32. Qf3 h6 33. Qf7+ 1-0

[Event "Thanksgiving op"]
[Site "Winnipeg CAN"]
[Date "2002.10.13"]
[Round "4"]
[White "Lange, John"]
[Black "Hogeveen Rutter, Alexander"]
[Result "0-1"]
[WhiteElo "1417"]
[BlackElo "1438"]
[PlyCount "60"]
[EventDate "2002.10.11"]
[EventType "swiss"]
[EventRounds "5"]
[EventCountry "CAN"]

1. e4 c5 2. Nf3 d6 3. d4 cxd4 4. Nxd4 Nc6 5. Be3 Nf6 6. Nd2 g6 7. Bb5 Bg7 8. c3
O-O 9. O-O Bd7 10. f4 a6 11. Bd3 Nxd4 12. Bxd4 Nh5 13. f5 Bxd4+ 14. cxd4 Qb6
15. Nb3 Nf6 16. Kh1 Ba4 17. Bc2 Bxb3 18. axb3 Rac8 19. Rc1 Kg7 20. e5 Nd5 21.
Qg4 Ne3 22. f6+ exf6 23. exf6+ Kh8 24. Qh3 Nxf1 25. Qh6 Rg8 26. Bxg6 Ng3+ 27.
hxg3 Rxc1+ 28. Kh2 Rxg6 29. Qf8+ Rg8 30. Qxf7 Qxd4 0-1

[Event "Thanksgiving op"]
[Site "Winnipeg CAN"]
[Date "2002.10.13"]
[Round "4"]
[White "Lipnowski, Samuel"]
[Black "Haapamaki, Eric"]
[Result "1-0"]
[WhiteElo "2069"]
[BlackElo "1827"]
[PlyCount "97"]
[EventDate "2002.10.11"]
[EventType "swiss"]
[EventRounds "5"]
[EventCountry "CAN"]

1. d4 Nf6 2. c4 g6 3. Nc3 Bg7 4. e4 d6 5. Be2 O-O 6. Bg5 Na6 7. f4 c5 8. d5 Qe8
9. Nf3 Nc7 10. O-O a6 11. a4 Rb8 12. Re1 h6 13. Bh4 Bd7 14. e5 dxe5 15. fxe5
Nh7 16. d6 exd6 17. exd6 Ne6 18. Be7 Nf6 19. Qd2 Qc8 20. Nd5 Nxd5 21. cxd5 Nd4
22. Bxf8 Qxf8 23. Nxd4 Bxd4+ 24. Kh1 Qxd6 25. Bf3 Kg7 26. a5 Qf6 27. Rac1 b6
28. b4 cxb4 29. Qxb4 Bb5 30. axb6 Rxb6 31. Rc8 Rd6 32. Re6 fxe6 33. Qxd6 h5 34.
dxe6 Be5 35. Qd8 Qxd8 36. Rxd8 Kf6 37. Bd5 Ke7 38. Ra8 Bf6 39. Ra7+ Kd6 40. Rf7
Bg5 41. Ba2 a5 42. Rg7 Be8 43. Rg8 Ke7 44. Bb1 a4 45. Bxg6 Bxg6 46. Rxg6 Bf6
47. Rg8 a3 48. Ra8 Bb2 49. Ra6 1-0

[Event "Thanksgiving op"]
[Site "Winnipeg CAN"]
[Date "2002.10.13"]
[Round "4.2"]
[White "Mu, Yuchen"]
[Black "Vincent, Trevor"]
[Result "1/2-1/2"]
[WhiteElo "1880"]
[BlackElo "1893"]
[PlyCount "64"]
[EventDate "2002.10.11"]
[EventType "swiss"]
[EventRounds "5"]
[EventCountry "CAN"]

1. e4 c5 2. Nc3 Nc6 3. g3 g6 4. Bg2 Bg7 5. f4 e6 6. d3 Nge7 7. e5 d6 8. exd6
Qxd6 9. Nf3 O-O 10. O-O b6 11. Kh1 Bb7 12. Rb1 Qd7 13. Qe1 Rac8 14. Be3 Nf5 15.
Bg1 Ncd4 16. Qf2 Nxf3 17. Bxf3 Nd4 18. Be4 Bc6 19. h3 Rfe8 20. g4 f5 21. Bxc6
Qxc6+ 22. Kh2 e5 23. gxf5 gxf5 24. Qg2 e4 25. dxe4 fxe4 26. Be3 Kh8 27. Kh1 Bf6
28. f5 Nf3 29. Qg4 Rg8 30. Qxe4 Nh4 31. Qxc6 Rxc6 32. Nd5 Rg3 1/2-1/2

[Event "Thanksgiving op"]
[Site "Winnipeg CAN"]
[Date "2002.10.13"]
[Round "4.3"]
[White "Tetrault, Claude"]
[Black "Katona, John"]
[Result "0-1"]
[WhiteElo "1591"]
[BlackElo "1827"]
[PlyCount "83"]
[EventDate "2002.10.11"]
[EventType "swiss"]
[EventRounds "5"]
[EventCountry "CAN"]

1. d4 Nf6 2. c4 g6 3. Nc3 Bg7 4. Nf3 O-O 5. Bg5 h6 6. Bh4 d6 7. h3 Nbd7 8. e3
c5 9. d5 Qa5 10. Rc1 g5 11. Bg3 Ne4 12. Qb3 Nxg3 13. fxg3 Ne5 14. g4 a6 15. Be2
Rb8 16. O-O Bd7 17. a4 f5 18. gxf5 Bxf5 19. Nxe5 Bxe5 20. e4 Bg6 21. Rxf8+ Kxf8
22. Bf3 Kg7 23. Qc2 Qd8 24. Rf1 Qf8 25. Nd1 Qf4 26. Kf2 Bd4+ 27. Ke1 Rf8 28.
Qd2 Qxd2+ 29. Kxd2 Bxe4 30. Re1 Bxf3 31. Rxe7+ Rf7 32. Rxf7+ Kxf7 33. gxf3 Kf6
34. b3 Ke5 35. Ne3 Bxe3+ 36. Kxe3 a5 37. Kf2 Kf4 38. Kg2 h5 39. Kf2 h4 40. Kg2
Ke3 41. Kg1 Kxf3 42. Kh2 0-1

[Event "Thanksgiving op"]
[Site "Winnipeg CAN"]
[Date "2002.10.13"]
[Round "4.4"]
[White "Strub, Michael"]
[Black "Anderson, Collin"]
[Result "0-1"]
[WhiteElo "1772"]
[BlackElo "1528"]
[PlyCount "52"]
[EventDate "2002.10.11"]
[EventType "swiss"]
[EventRounds "5"]
[EventCountry "CAN"]

1. d4 Nf6 2. c4 c5 3. d5 e6 4. dxe6 fxe6 5. Bg5 Be7 6. Nc3 a6 7. e3 O-O 8. Bd3
Nc6 9. Nf3 b6 10. Qc2 Nb4 11. Qb1 Nxd3+ 12. Qxd3 Bb7 13. e4 d5 14. exd5 exd5
15. cxd5 Nxd5 16. Bd2 Nb4 17. Qc4+ Kh8 18. Ne5 Nc2+ 19. Ke2 Nxa1 20. Rxa1 Qe8
21. Re1 Rd8 22. Kd1 Rxf2 23. Re2 b5 24. Qe6 Rd6 25. Nf7+ Qxf7 26. Qxe7 Rxd2+
0-1

[Event "Thanksgiving op"]
[Site "Winnipeg CAN"]
[Date "2002.10.13"]
[Round "4.5"]
[White "Tetrault, Charles"]
[Black "Pottinger, Carl"]
[Result "1-0"]
[WhiteElo "1608"]
[BlackElo "1591"]
[PlyCount "95"]
[EventDate "2002.10.11"]
[EventType "swiss"]
[EventRounds "5"]
[EventCountry "CAN"]

1. d4 Nf6 2. c4 d5 3. Nc3 g6 4. Nf3 Bg4 5. Ne5 Be6 6. Bg5 Bg7 7. Bxf6 exf6 8.
Nf3 c6 9. cxd5 cxd5 10. e3 a6 11. Be2 O-O 12. O-O b5 13. Qb3 Nc6 14. Rac1 Na5
15. Qc2 Rc8 16. b4 Nc4 17. Nd2 Qd6 18. Nxc4 bxc4 19. a3 Rb8 20. Qa4 Rfe8 21.
Bf3 g5 22. g3 g4 23. Bg2 f5 24. Qa5 Bf6 25. Rfd1 h5 26. Ne2 Rb5 27. Qa4 Bd7 28.
Qc2 Bg5 29. h4 Bh6 30. Re1 a5 31. Nc3 axb4 32. Nxb5 Bxb5 33. axb4 Qd7 34. Ra1
Bf8 35. Qc3 Rb8 36. Reb1 Qd6 37. Ra5 Be7 38. Qa3 Bd8 39. Ra8 Bb6 40. Bxd5 Rxa8
41. Qxa8+ Kg7 42. Qb7 Qf6 43. Bxf7 Qxf7 44. Qxb6 Ba4 45. Ra1 c3 46. Rxa4 c2 47.
Qc5 Qb3 48. Ra7+ 1-0

[Event "Thanksgiving op"]
[Site "Winnipeg CAN"]
[Date "2002.10.13"]
[Round "4.6"]
[White "Barkman, Daniel"]
[Black "Gannon, Keith"]
[Result "1-0"]
[WhiteElo "1654"]
[BlackElo "1524"]
[PlyCount "99"]
[EventDate "2002.10.11"]
[EventType "swiss"]
[EventRounds "5"]
[EventCountry "CAN"]

1. e4 e5 2. Nf3 d6 3. Bc4 Be7 4. O-O Nf6 5. Re1 O-O 6. d4 exd4 7. Nxd4 Re8 8.
Nc3 Bd7 9. Bg5 Nc6 10. Re3 Ne5 11. Bb3 Nfg4 12. Bxe7 Nxe3 13. Bxd8 Nxd1 14.
Bxc7 Nxc3 15. bxc3 Nc6 16. f3 Nxd4 17. cxd4 Rac8 18. Bxd6 Rc6 19. e5 Rcc8 20.
Rc1 g6 21. Bd5 Bc6 22. Bxc6 Rxc6 23. c4 b6 24. d5 Rcc8 25. a4 Kg7 26. Kf2 Red8
27. Ke3 f6 28. Be7 Rxd5 29. Bxf6+ Kf8 30. cxd5 Rxc1 31. e6 Rd1 32. Ke4 Re1+ 33.
Kd4 Rd1+ 34. Ke5 Ke8 35. d6 Re1+ 36. Kd5 Rd1+ 37. Kc6 Rc1+ 38. Kb7 Rd1 39. d7+
Rxd7+ 40. exd7+ Kxd7 41. Kxa7 Kc6 42. Bd4 b5 43. axb5+ Kxb5 44. f4 Kc4 45. Bg7
Kd3 46. g4 Ke3 47. f5 gxf5 48. gxf5 Kf4 49. f6 Kg5 50. f7 1-0

[Event "Thanksgiving op"]
[Site "Winnipeg CAN"]
[Date "2002.10.13"]
[Round "4.7"]
[White "Rutter, Blair"]
[Black "Trueman, Francis"]
[Result "1-0"]
[WhiteElo "1596"]
[BlackElo "1542"]
[PlyCount "49"]
[EventDate "2002.10.11"]
[EventType "swiss"]
[EventRounds "5"]
[EventCountry "CAN"]

1. d4 Nf6 2. c4 d6 3. Nc3 g6 4. e4 Bg7 5. Nf3 O-O 6. Be2 Nbd7 7. Qc2 e5 8. d5
c5 9. Bg5 Re8 10. O-O Nf8 11. h3 h6 12. Bd2 h5 13. Ng5 N6h7 14. Qc1 h4 15. Nf3
f5 16. exf5 gxf5 17. Ng5 Nf6 18. Nf3 Ng6 19. Bg5 e4 20. Nh2 Ne5 21. Qd2 Kh8 22.
Rae1 Rg8 23. b3 Qe8 24. Bxf6 Bxf6 25. Qh6# 1-0

[Event "Thanksgiving op"]
[Site "Winnipeg CAN"]
[Date "2002.10.13"]
[Round "4.9"]
[White "Anderson, George"]
[Black "Bal, Shibashis"]
[Result "1-0"]
[WhiteElo "1496"]
[BlackElo "1233"]
[PlyCount "33"]
[EventDate "2002.10.11"]
[EventType "swiss"]
[EventRounds "5"]
[EventCountry "CAN"]

1. e4 d5 2. exd5 Qxd5 3. Nc3 Qe6+ 4. Qe2 b6 5. Nf3 Ba6 6. Qxe6 fxe6 7. Bxa6
Nxa6 8. a3 O-O-O 9. O-O Nh6 10. d3 Nf5 11. Re1 Nd4 12. Nxd4 Rxd4 13. Rxe6 h6
14. Be3 Rd7 15. Re1 Nc5 16. Bxc5 bxc5 17. Ra6 1-0

[Event "Thanksgiving op"]
[Site "Winnipeg CAN"]
[Date "2002.10.13"]
[Round "5"]
[White "Haapamaki, Eric"]
[Black "Katona, John"]
[Result "1-0"]
[WhiteElo "1827"]
[BlackElo "1827"]
[PlyCount "63"]
[EventDate "2002.10.11"]
[EventType "swiss"]
[EventRounds "5"]
[EventCountry "CAN"]

1. e4 c5 2. Nf3 d6 3. d4 cxd4 4. Nxd4 Nf6 5. Nc3 a6 6. Be3 e5 7. Nb3 Ng4 8. Bc1
Qb6 9. Qe2 Be6 10. f3 Nf6 11. Be3 Qc7 12. O-O-O b5 13. g4 Nbd7 14. Qf2 Rc8 15.
h4 b4 16. Nd5 Bxd5 17. exd5 a5 18. Bb5 Qb7 19. Bc6 Rxc6 20. dxc6 Qxc6 21. Nxa5
Qa6 22. Nb3 Qxa2 23. g5 Nh5 24. Qd2 Qa4 25. f4 Ng3 26. Rhe1 Be7 27. fxe5 Nxe5
28. Bf4 Nf5 29. Bxe5 dxe5 30. Rxe5 O-O 31. Rxf5 Ra8 32. Ra5 1-0

[Event "Thanksgiving op"]
[Site "Winnipeg CAN"]
[Date "2002.10.13"]
[Round "5"]
[White "Trueman, Francis"]
[Black "Lange, John"]
[Result "1-0"]
[WhiteElo "1542"]
[BlackElo "1417"]
[PlyCount "79"]
[EventDate "2002.10.11"]
[EventType "swiss"]
[EventRounds "5"]
[EventCountry "CAN"]

1. Nf3 e6 2. g3 d5 3. Bg2 c5 4. d3 Nc6 5. O-O Bd6 6. Nbd2 Nf6 7. c3 O-O 8. Re1
Qb6 9. Nf1 c4 10. dxc4 Ng4 11. Ne3 Nxe3 12. Bxe3 Qxb2 13. cxd5 exd5 14. Qd3 Ne7
15. c4 Bf5 16. Qd4 Qxd4 17. Nxd4 dxc4 18. Red1 Rab8 19. Nxf5 Nxf5 20. Bxa7 Ra8
21. Bb6 c3 22. Be4 Ra6 23. Rab1 Rxa2 24. Rbc1 Rc8 25. Rc2 Rxc2 26. Bxc2 Rc6 27.
Ba5 g6 28. e4 Ne7 29. Rd3 Be5 30. Rd7 b6 31. Rxe7 Bd6 32. Re8+ Kg7 33. Ba4 c2
34. Bxc2 Rxc2 35. Bxb6 Kf6 36. Bd4+ Kg5 37. Kg2 Kg4 38. h3+ Kg5 39. Kf3 Rd2 40.
Be3+ 1-0

[Event "Thanksgiving op"]
[Site "Winnipeg CAN"]
[Date "2002.10.13"]
[Round "5.1"]
[White "Vincent, Trevor"]
[Black "Lipnowski, Samuel"]
[Result "1-0"]
[WhiteElo "1893"]
[BlackElo "2069"]
[PlyCount "97"]
[EventDate "2002.10.11"]
[EventType "swiss"]
[EventRounds "5"]
[EventCountry "CAN"]

1. c4 Nf6 2. g3 c6 3. Bg2 d5 4. Nf3 dxc4 5. Qc2 b5 6. b3 cxb3 7. axb3 Bb7 8.
Ba3 g6 9. d4 Bg7 10. Nbd2 O-O 11. O-O Nbd7 12. e4 Re8 13. Bb2 a6 14. b4 Nb6 15.
Nb3 Na4 16. Bc1 Nd7 17. Na5 Qc7 18. Be3 Rac8 19. Rac1 Ba8 20. Qd2 Red8 21. Rfd1
Qb8 22. Bg5 f6 23. Bh6 Bxh6 24. Qxh6 Qd6 25. Qd2 Qe6 26. Ne1 Kg7 27. Nd3 Qf7
28. Bh3 Rc7 29. Nf4 Nf8 30. d5 c5 31. Nb3 e5 32. Ne6+ Nxe6 33. Bxe6 Qe7 34.
bxc5 Nxc5 35. d6 Qxe6 36. Nxc5 Rxc5 37. Rxc5 Bxe4 38. Rc7+ Kh8 39. Qh6 Qg8 40.
Qh4 Rf8 41. Qxe4 Qe6 42. Qb7 Qg8 43. d7 Rd8 44. Rc8 Kg7 45. Rxd8 Qb3 46. Rg8+
Kh6 47. Rxg6+ hxg6 48. d8=Q g5 49. Qxf6+ 1-0

[Event "Thanksgiving op"]
[Site "Winnipeg CAN"]
[Date "2002.10.13"]
[Round "5.3"]
[White "Tetrault, Charles"]
[Black "Mu, Yuchen"]
[Result "0-1"]
[WhiteElo "1608"]
[BlackElo "1880"]
[PlyCount "79"]
[EventDate "2002.10.11"]
[EventType "swiss"]
[EventRounds "5"]
[EventCountry "CAN"]

1. d4 Nf6 2. c4 g6 3. Nc3 Bg7 4. Nf3 O-O 5. Bg5 d6 6. e3 Nbd7 7. Bd3 c6 8. O-O
Re8 9. Qc2 Qc7 10. Rac1 b6 11. b4 Bb7 12. a3 Rac8 13. Rfd1 a6 14. c5 bxc5 15.
dxc5 dxc5 16. bxc5 Nxc5 17. Bf4 Qa5 18. Ne2 Nxd3 19. Rxd3 Nd5 20. Be5 Bxe5 21.
Nxe5 Nf6 22. Nd7 Nxd7 23. Rxd7 Ba8 24. Qc5 Qxc5 25. Rxc5 Rcd8 26. Rxd8 Rxd8 27.
Nd4 Rd5 28. Rxd5 cxd5 29. f4 Kf8 30. Kf2 Ke8 31. Ke2 Kd7 32. Kd3 Kd6 33. g3 Kc5
34. Kc3 Bc6 35. Nb3+ Kd6 36. Kb4 Bb5 37. Nd4 Bc4 38. Nf3 f6 39. Nd2 Be2 40. Kc3
0-1

[Event "Thanksgiving op"]
[Site "Winnipeg CAN"]
[Date "2002.10.13"]
[Round "5.5"]
[White "Barkman, Daniel"]
[Black "Strub, Michael"]
[Result "0-1"]
[WhiteElo "1654"]
[BlackElo "1772"]
[PlyCount "56"]
[EventDate "2002.10.11"]
[EventType "swiss"]
[EventRounds "5"]
[EventCountry "CAN"]

1. e4 e5 2. Nf3 Nf6 3. Nxe5 d6 4. Nf3 Nxe4 5. d4 d5 6. Bf4 Be7 7. c4 Nc6 8. a3
Bg4 9. cxd5 Qxd5 10. Be2 Bxf3 11. Bxf3 Nxd4 12. O-O Nxf3+ 13. Qxf3 Nf6 14. Qg3
Nh5 15. Nc3 Qf5 16. Qf3 Nxf4 17. Qxb7 O-O 18. Rfe1 Bf6 19. Qxc7 Ne6 20. Qb7
Bxc3 21. bxc3 Rfb8 22. Qd7 Qc5 23. Re3 Rd8 24. Qb7 Rab8 25. Qe4 Qd5 26. Qxd5
Rxd5 27. c4 Rd4 28. Rc1 Rxc4 0-1

[Event "Thanksgiving op"]
[Site "Winnipeg CAN"]
[Date "2002.10.13"]
[Round "5.7"]
[White "Hogeveen Rutter, Alexander"]
[Black "Anderson, George"]
[Result "1/2-1/2"]
[WhiteElo "1438"]
[BlackElo "1496"]
[PlyCount "44"]
[EventDate "2002.10.11"]
[EventType "swiss"]
[EventRounds "5"]
[EventCountry "CAN"]

1. e4 e6 2. d4 d5 3. exd5 exd5 4. Nf3 Nf6 5. Nc3 c5 6. dxc5 Bxc5 7. Bg5 d4 8.
Ne2 Nc6 9. Bxf6 Qxf6 10. Qd3 O-O 11. a3 Re8 12. O-O-O Ne5 13. Nxe5 Rxe5 14.
Nxd4 Qxf2 15. Nf3 Bf5 16. Qb3 Re3 17. Qc4 Rc8 18. Qxc5 Qxc2+ 19. Qxc2 Rxc2+ 20.
Kb1 Rd2+ 21. Kc1 Rc2+ 22. Kb1 Rd2+ 1/2-1/2

[Event "Thanksgiving op - U2100"]
[Site "Toronto CAN"]
[Date "2002.10.12"]
[Round "1"]
[White "Jew, Harold"]
[Black "Dutton, Warren"]
[Result "0-1"]
[WhiteElo "1878"]
[BlackElo "2000"]
[PlyCount "92"]
[EventDate "2002.10.12"]
[EventType "swiss"]
[EventRounds "6"]
[EventCountry "CAN"]

1. b4 Nf6 2. Bb2 g6 3. Nf3 Bg7 4. g3 b6 5. Bg2 Bb7 6. O-O O-O 7. d3 d6 8. Nbd2
a5 9. b5 e5 10. c4 Ng4 11. a4 f5 12. e4 Ra7 13. Nh4 Bc8 14. exf5 gxf5 15. h3
Nf6 16. f4 exf4 17. Rxf4 Bh6 18. Bxf6 Qxf6 19. Rf3 Bxd2 20. Qxd2 Qxa1+ 21. Kh2
Qg7 22. Re3 Kh8 23. Qe2 c5 24. bxc6 Qf6 25. Re8 Rg7 26. Bd5 Na6 27. Ng2 Nc7 28.
Rxf8+ Qxf8 29. Nf4 Qe7 30. Qb2 Qg5 31. Qf2 Na8 32. Be6 Bxe6 33. Nxe6 Qf6 34.
Nxg7 Kxg7 35. d4 Qe6 36. d5 Qe5 37. h4 Kf6 38. Qd2 f4 39. gxf4 Qe4 40. Qc3+ Kf5
41. Qh3+ Kf6 42. Qc3+ Kf7 43. Kg3 Nc7 44. Qb3 Qe1+ 45. Kg4 Qf1 46. Qxb6 Qg2+
0-1

[Event "Thanksgiving op - U2100"]
[Site "Toronto CAN"]
[Date "2002.10.12"]
[Round "2"]
[White "Dutton, Warren"]
[Black "Henry, Liam"]
[Result "1/2-1/2"]
[WhiteElo "2000"]
[BlackElo "1908"]
[PlyCount "33"]
[EventDate "2002.10.12"]
[EventType "swiss"]
[EventRounds "6"]
[EventCountry "CAN"]

1. e4 c5 2. Nf3 d6 3. d4 cxd4 4. Nxd4 Nf6 5. Bd3 a6 6. a4 e5 7. Nb3 Qc7 8. h3
Be7 9. c4 Be6 10. Qe2 Nbd7 11. Nc3 Rc8 12. Nd5 Bxd5 13. cxd5 O-O 14. Be3 Rfe8
15. O-O Bf8 16. g4 g6 17. Rfc1 1/2-1/2

[Event "Thanksgiving op - U2100"]
[Site "Toronto CAN"]
[Date "2002.10.13"]
[Round "3"]
[White "Henry, Liam"]
[Black "Richardson, Ross"]
[Result "1-0"]
[WhiteElo "1908"]
[BlackElo "1918"]
[PlyCount "57"]
[EventDate "2002.10.12"]
[EventType "swiss"]
[EventRounds "6"]
[EventCountry "CAN"]

1. e4 c6 2. d4 d5 3. exd5 cxd5 4. c4 Nf6 5. Nc3 e6 6. Nf3 Bb4 7. a3 Bxc3+ 8.
bxc3 O-O 9. Bd3 dxc4 10. Bxc4 Qc7 11. Qd3 Nbd7 12. O-O b6 13. Bg5 Bb7 14. Bb3
Rfd8 15. Bxf6 Nxf6 16. Rfd1 Qc6 17. Rac1 Qd6 18. Ne5 Qxa3 19. Bc4 Qd6 20. Qh3
Be4 21. Re1 Rac8 22. f3 Bd5 23. Bd3 g6 24. g4 Nd7 25. Nxf7 Kxf7 26. Qxh7+ Kf8
27. Bxg6 e5 28. Qh8+ Ke7 29. Qg7+ 1-0

[Event "Thanksgiving op - U2100"]
[Site "Toronto CAN"]
[Date "2002.10.13"]
[Round "3"]
[White "Jew, Harold"]
[Black "Haley, Phil"]
[Result "1/2-1/2"]
[WhiteElo "1838"]
[BlackElo "1798"]
[PlyCount "95"]
[EventDate "2002.10.12"]
[EventType "swiss"]
[EventRounds "6"]
[EventCountry "CAN"]

1. b4 e5 2. Bb2 d6 3. g3 f5 4. Bg2 Nf6 5. d3 Be7 6. Nf3 O-O 7. O-O c6 8. Nbd2
Be6 9. c4 Nbd7 10. Ng5 Bf7 11. Nxf7 Rxf7 12. Qb3 Rc8 13. a4 Rf8 14. b5 Kh8 15.
Kh1 Qe8 16. d4 Qh5 17. dxe5 dxe5 18. Nf3 Ng4 19. h3 e4 20. Nh2 Nxh2 21. Kxh2
Qxe2 22. Rae1 Qh5 23. Qd1 Qxd1 24. Rxd1 Nc5 25. Ba3 Rfe8 26. f3 e3 27. Rfe1
Nxa4 28. Rxe3 Bf6 29. Rxe8+ Rxe8 30. f4 cxb5 31. cxb5 Nc3 32. Rd7 Nxb5 33. Bb4
b6 34. Bf1 a5 35. Bxb5 axb4 36. Rb7 Ra8 37. Rxb6 b3 38. Be2 b2 39. Kg2 g6 40.
Kf1 Kg7 41. Rb7+ Kh8 42. g4 Rc8 43. Bd3 fxg4 44. hxg4 Bg7 45. f5 Rf8 46. Ke2
gxf5 47. gxf5 h5 48. Kf3 1/2-1/2

[Event "Thanksgiving op - U2100"]
[Site "Toronto CAN"]
[Date "2002.10.13"]
[Round "3"]
[White "Vadachkoriya, Irakli"]
[Black "Dutton, Warren"]
[Result "1/2-1/2"]
[WhiteElo "1908"]
[BlackElo "2000"]
[PlyCount "76"]
[EventDate "2002.10.12"]
[EventType "swiss"]
[EventRounds "6"]
[EventCountry "CAN"]

1. e4 c5 2. Nc3 Nc6 3. f4 d6 4. Bc4 Nf6 5. Nf3 e6 6. d3 a6 7. a4 Be7 8. O-O O-O
9. Bb3 Qb6 10. Kh1 Qc7 11. Qe1 b6 12. Qg3 Kh8 13. e5 dxe5 14. fxe5 Nd7 15. Bf4
Bb7 16. Rae1 h6 17. Ne4 Na5 18. Ba2 Bxe4 19. Rxe4 Rg8 20. Qh3 Nf8 21. g4 Nh7
22. g5 Rae8 23. gxh6 g5 24. Bd2 Rg6 25. Rg1 Reg8 26. Reg4 Nc6 27. Qg3 Qd8 28.
Bb1 Qf8 29. c3 f5 30. exf6 Bd6 31. Qg2 Rxh6 32. Bxg5 Nxg5 33. Rxg5 Rxg5 34.
Qxg5 Rxf6 35. Nh4 Ne7 36. d4 Rh6 37. Be4 Qf6 38. Qxf6+ Rxf6 1/2-1/2

[Event "Thanksgiving op - U2100"]
[Site "Toronto CAN"]
[Date "2002.10.13"]
[Round "4"]
[White "Dutton, Warren"]
[Black "Romero, Sebastian"]
[Result "1/2-1/2"]
[WhiteElo "2000"]
[BlackElo "1844"]
[PlyCount "74"]
[EventDate "2002.10.12"]
[EventType "swiss"]
[EventRounds "6"]
[EventCountry "CAN"]

1. e4 e5 2. Nf3 Nc6 3. Bc4 Bc5 4. O-O Nf6 5. c3 O-O 6. d4 exd4 7. cxd4 Bb4 8.
d5 Ne7 9. e5 Ne8 10. Nc3 d6 11. Bd3 dxe5 12. Qc2 Nf6 13. Bg5 Ng6 14. Rad1 Bg4
15. Be2 h6 16. Bxf6 Qxf6 17. Qe4 Qf4 18. Qc2 Bd6 19. g3 Qf5 20. Qxf5 Bxf5 21.
Rfe1 a6 22. Bd3 Bg4 23. Kg2 f5 24. Be2 Ne7 25. Nxe5 Bxe5 26. Bxg4 Bxc3 27. bxc3
Nxd5 28. Rxd5 fxg4 29. Re7 Rf7 30. Rxf7 Kxf7 31. Rd7+ Kf6 32. Rxc7 Rb8 33. a4
b6 34. Kf1 g6 35. Ke2 Re8+ 36. Kd3 Re6 37. Rc4 h5 1/2-1/2

[Event "Thanksgiving op - U2100"]
[Site "Toronto CAN"]
[Date "2002.10.13"]
[Round "4"]
[White "Henry, Liam"]
[Black "Brice, Ron"]
[Result "0-1"]
[WhiteElo "1908"]
[BlackElo "2061"]
[PlyCount "74"]
[EventDate "2002.10.12"]
[EventType "swiss"]
[EventRounds "6"]
[EventCountry "CAN"]

1. e4 c5 2. Nf3 d6 3. d4 cxd4 4. Nxd4 Nf6 5. Nc3 a6 6. Bc4 e6 7. Bb3 b5 8. a3
Be7 9. f4 Bb7 10. Qf3 Nbd7 11. Bxe6 fxe6 12. Nxe6 Qc8 13. Nxg7+ Kf7 14. Nf5 Nc5
15. O-O Ncxe4 16. Nxe7 Kxe7 17. Re1 Qf5 18. Be3 Kd7 19. Bd4 Bc6 20. Nxe4 Nxe4
21. Bxh8 Rxh8 22. Qe3 Kc7 23. Rad1 Rg8 24. Re2 Rg6 25. Rf1 h5 26. Qd3 h4 27.
Rf3 Rg4 28. Qe3 Kb7 29. h3 Rg6 30. Qd3 Re6 31. Qd4 a5 32. Qg7+ Kb6 33. Qd4+ Ka6
34. c4 Ng3 35. cxb5+ Bxb5 36. Rxg3 hxg3 37. Rxe6 Qb1+ 0-1

[Event "Thanksgiving op - U2100"]
[Site "Toronto CAN"]
[Date "2002.10.13"]
[Round "4"]
[White "Richardson, Ross"]
[Black "Hier, David"]
[Result "1-0"]
[WhiteElo "1918"]
[BlackElo "1796"]
[PlyCount "45"]
[EventDate "2002.10.12"]
[EventType "swiss"]
[EventRounds "6"]
[EventCountry "CAN"]

1. d4 Nf6 2. c4 e6 3. Nc3 Bb4 4. Nf3 Bxc3+ 5. bxc3 c5 6. Qc2 O-O 7. e4 d5 8. e5
Nfd7 9. Bd3 h6 10. cxd5 exd5 11. O-O b6 12. Be3 Ba6 13. Nd2 Bxd3 14. Qxd3 c4
15. Qf5 Nc6 16. f4 b5 17. Qg4 b4 18. f5 Kh7 19. f6 gxf6 20. Qh5 bxc3 21. Qxh6+
Kg8 22. Rf3 Ne7 23. Rh3 1-0

[Event "Thanksgiving op - U2100"]
[Site "Toronto CAN"]
[Date "2002.10.14"]
[Round "5"]
[White "Dutton, Warren"]
[Black "Nagy, Julius"]
[Result "0-1"]
[WhiteElo "2000"]
[BlackElo "1777"]
[PlyCount "74"]
[EventDate "2002.10.12"]
[EventType "swiss"]
[EventRounds "6"]
[EventCountry "CAN"]

1. e4 c5 2. Nf3 Nc6 3. c3 e5 4. Bc4 d6 5. h3 Be7 6. d3 Nf6 7. O-O O-O 8. a3 a6
9. b4 b5 10. Ba2 Be6 11. Bxe6 fxe6 12. Be3 h6 13. Qb3 Qd7 14. Nbd2 Nh5 15. g3
Nf6 16. Rfd1 Kh7 17. Kg2 cxb4 18. axb4 d5 19. d4 exd4 20. Nxd4 Nxd4 21. Bxd4
Qc6 22. Bxf6 Bxf6 23. Qb1 Kh8 24. Ra3 Bxc3 25. exd5 exd5 26. Kg1 Qf6 27. Kh1
Rae8 28. Qd3 Bxb4 29. Rb3 Bxd2 30. Rxd2 Re1+ 31. Kg2 Qa1 32. g4 Rg1+ 33. Kh2
Rh1+ 34. Kg3 Qe5+ 35. Kh4 Rg1 36. Qe3 Qf6+ 37. Kh5 Kh7 0-1

[Event "Thanksgiving op - U2100"]
[Site "Toronto CAN"]
[Date "2002.10.14"]
[Round "5"]
[White "Wing, Richard"]
[Black "Richardson, Ross"]
[Result "0-1"]
[WhiteElo "1790"]
[BlackElo "1918"]
[PlyCount "52"]
[EventDate "2002.10.12"]
[EventType "swiss"]
[EventRounds "6"]
[EventCountry "CAN"]

1. e4 c6 2. Nc3 d5 3. f4 dxe4 4. Nxe4 Nd7 5. Nf3 Ngf6 6. Nf2 e6 7. d4 c5 8. c3
cxd4 9. cxd4 Bd6 10. Bd3 O-O 11. O-O Nb6 12. Ne5 Nbd5 13. a3 b6 14. Nfg4 Bb7
15. f5 exf5 16. Bxf5 Qc7 17. Nxf6+ Nxf6 18. Bg5 Bxe5 19. dxe5 Ne4 20. Bf4 Qc5+
21. Kh1 Nf2+ 22. Rxf2 Qxf2 23. Qg4 Bxg2+ 24. Qxg2 Qxf4 25. Be4 Rac8 26. Rg1
Qxe5 0-1